Clay models and stone carving / (Record no. 134939)
[ view plain ]
| 000 -LEADER | |
|---|---|
| fixed length control field | 00667nam a22002417a 4500 |
| 005 - DATE AND TIME OF LATEST TRANSACTION | |
| control field | 20170124110237.0 |
| 010 ## - LIBRARY OF CONGRESS CONTROL NUMBER | |
| LC control number | 999236 |
| 020 ## - INTERNATIONAL STANDARD BOOK NUMBER | |
| Terms of availability | 00.00 |
| International Standard Book Number | 0720706521 |
| 035 ## - SYSTEM CONTROL NUMBER | |
| System control number | 999236 |
| 037 ## - SOURCE OF ACQUISITION | |
| Source of stock number/acquisition | Cen Lib/Ret |
| 040 ## - CATALOGING SOURCE | |
| Original cataloging agency | DPL |
| Language of cataloging | EN |
| 082 ## - DEWEY DECIMAL CLASSIFICATION NUMBER | |
| Classification number | 731 |
| Item number | DAN |
| 100 ## - MAIN ENTRY--PERSONAL NAME | |
| Personal name | Dancyger, Irene |
| 9 (RLIN) | 42216 |
| 245 ## - TITLE STATEMENT | |
| Title | Clay models and stone carving / |
| Statement of responsibility, etc | by Irene Dancyger |
| 260 ## - PUBLICATION, DISTRIBUTION, ETC. (IMPRINT) | |
| Place of publication, distribution, etc | London |
| Name of publisher, distributor, etc | Pelham Books |
| Date of publication, distribution, etc | 1974 |
| 270 ## - ADDRESS | |
| City | London |
| Address | 52 Bedford Square |
| 300 ## - PHYSICAL DESCRIPTION | |
| Extent | 116p. : |
| Dimensions | 24cm(Hb) |
| Other physical details | ill. |
| 490 ## - SERIES STATEMENT | |
| Series statement | Pelham crafts series |
| 500 ## - GENERAL NOTE | |
| General note | Includes index<br/> |
| 650 ## - SUBJECT ADDED ENTRY--TOPICAL TERM | |
| Topical term or geographic name as entry element | Modeling |
| 9 (RLIN) | 42217 |
| 650 ## - SUBJECT ADDED ENTRY--TOPICAL TERM | |
| Topical term or geographic name as entry element | Stone carving |
| 9 (RLIN) | 42218 |
| 942 ## - ADDED ENTRY ELEMENTS (KOHA) | |
| Source of classification or shelving scheme | Dewey Decimal Classification |
| Koha item type | English Books |
| Classification part | 731 |
| Call number suffix | DAN |
| Withdrawn status | Lost status | Damaged status | Not for loan | Collection code | Home library | Current library | Date acquired | Source of acquisition | Cost, normal purchase price | Total Checkouts | Full call number | Barcode | Date last seen | Copy number | Cost, replacement price | Price effective from | Koha item type |
|---|---|---|---|---|---|---|---|---|---|---|---|---|---|---|---|---|---|
| Not For Loan | Reference | Central Library | Central Library | 31/07/2015 | Cen Lib/Ret | 0.00 | 731 DAN | 999236 | 31/07/2015 | 1 | 0.00 | 31/07/2015 | English Books |
